Welcome to the Holygrace Academy Library

Please use search bar below to get started

ESSAYS (Record no. 3665)

MARC details
000 -LEADER
fixed length control field 00285nam a22001337a 4500
020 ## - INTERNATIONAL STANDARD BOOK NUMBER
ISBN 81-7245-025-7
082 ## - DEWEY DECIMAL CLASSIFICATION NUMBER
Classification number 824
Item number AHU/O
100 ## - MAIN ENTRY--AUTHOR NAME
Personal name AHUJA,B N
245 ## - TITLE STATEMENT
Title ESSAYS
260 ## - PUBLICATION, DISTRIBUTION, ETC. (IMPRINT)
Place of publication NEW DELHI
Name of publisher GOODWILL PUBLISHING HOUSE
300 ## - PHYSICAL DESCRIPTION
Number of Pages 556
650 ## - SUBJECT ADDED ENTRY--TOPICAL TERM
Topical Term ESSAYS
Geographic subdivision NEW DELHI
942 ## - ADDED ENTRY ELEMENTS (KOHA)
Koha item type Books
Holdings
Withdrawn status Lost status Collection code Home library Current library Shelving location Date acquired Source of acquisition Full call number Accession Number Koha item type
    Reference Main Library Main Library SHELF-16B -ENGLISH SPEECHES,ESSAYS,QUOTES 21/05/2004 PURCHASE 824 AHU/O 00857 Books